[Event "Adelaide Lidums YM-B"]
[Site "Adelaide"]
[Date "2013.12.08"]
[Round "1"]
[White "Bennett, Matthew"]
[Black "Setiabudi, Allen"]
[Result "1/2-1/2"]
[WhiteElo "1852"]
[BlackElo "1943"]
[PlyCount "44"]
[EventDate "2013.12.08"]
[EventType "tourn"]
[EventRounds "9"]
[EventCountry "AUS"]
[SourceTitle "CBM 157 Extra"]
[Source "ChessBase"]
[SourceDate "2013.12.19"]
[SourceVersion "1"]
[SourceVersionDate "2013.12.19"]
[SourceQuality "1"]

1. d4 Nf6 2. c4 g6 3. f3 Bg7 4. e4 d6 5. Be3 0-0 6. Ne2 c5 7. d5 b5 8. cxb5 a6 9. Nec3 Nfd7 10. Nd2 axb5 11. Bxb5 Ba6 12. Bxa6 Nxa6 13. 0-0 Rb8 14. Rb1 Rb7 15. Qe2 Nb4 16. Nc4 Nb6 17. Rfc1 Nxc4 18. Qxc4 Qa5 19. a3 Qa6 20. b3 Qxa3 21. Ra1 Qb2 22. Rab1 Qa3 1/2-1/2

[Event "ACT-ch"]
[Site "Tuggeranong"]
[Date "2013.02.24"]
[Round "9"]
[White "Ikeda, Junta"]
[Black "Setiabudi, Allen"]
[Result "1/2-1/2"]
[WhiteElo "2362"]
[BlackElo "1946"]
[PlyCount "109"]
[EventDate "2013.02.15"]
[EventType "swiss"]
[EventRounds "9"]
[EventCountry "AUS"]
[SourceTitle "EXT 2015"]
[Source "ChessBase"]
[SourceDate "2014.11.20"]
[SourceVersion "1"]
[SourceVersionDate "2014.11.20"]
[SourceQuality "1"]

1. e4 c5 2. Nf3 e6 3. Nc3 a6 4. d4 cxd4 5. Nxd4 d6 6. Be2 Nf6 7. f4 Qc7 8. a4 b6 9. Bf3 Bb7 10. 0-0 Nc6 11. Nxc6 Bxc6 12. Qe2 Be7 13. g4 0-0 14. g5 Nd7 15. Kh1 Rfe8 16. h4 Qb7 17. Qg2 b5 18. a5 b4 19. Nd1 Nc5 20. Nf2 d5 21. exd5 Bxd5 22. Bxd5 exd5 23. Be3 Ne4 24. Nxe4 dxe4 25. f5 Rac8 26. h5 Bf8 27. Rf2 Bc5 28. Re1 Bxe3 29. Rxe3 Rc5 30. Rf4 Rce5 31. g6 Qd5 32. gxh7+ Kxh7 33. Qg4 Rd8 34. Rf1 Rd6 35. Rg3 g6 36. hxg6+ fxg6 37. fxg6+ Kg8 38. g7 Rh5+ 39. Kg1 Qc5+ 40. Rf2 Rf6 41. Qxh5 Qxf2+ 42. Kh1 Qf1+ 43. Rg1 Qf3+ 44. Qxf3 exf3 45. Rf1 Kxg7 46. Ra1 Rc6 47. Rc1 Kf6 48. Kh2 Ke5 49. Kg3 Ke4 50. Re1+ Kd4 51. c3+ bxc3 52. bxc3+ Rxc3 53. Re6 Ra3 54. Rxa6 Kc5 55. Rf6 1/2-1/2

[Event "ACT-ch"]
[Site "Tuggeranong"]
[Date "2013.02.17"]
[Round "4"]
[White "Setiabudi, Allen"]
[Black "Hathiramani, Dillon"]
[Result "1-0"]
[WhiteElo "1946"]
[BlackElo "1255"]
[PlyCount "135"]
[EventDate "2013.02.15"]
[EventType "swiss"]
[EventRounds "9"]
[EventCountry "AUS"]
[SourceTitle "EXT 2015"]
[Source "ChessBase"]
[SourceDate "2014.11.20"]
[SourceVersion "1"]
[SourceVersionDate "2014.11.20"]
[SourceQuality "1"]

1. e4 c5 2. Nc3 e6 3. Nf3 a6 4. d4 cxd4 5. Nxd4 Nc6 6. Be2 Qc7 7. 0-0 Nf6 8. Be3 Be7 9. f4 d6 10. Kh1 b5 11. a3 Bb7 12. Nf3 0-0-0 13. Bg1 d5 14. e5 Nd7 15. Re1 Bc5 16. Bxc5 Nxc5 17. Bd3 g6 18. Ne2 Qb6 19. c3 Nxd3 20. Qxd3 Kb8 21. Ned4 Rc8 22. Re3 h6 23. Rf1 Ka8 24. Ree1 Kb8 25. Ra1 Nxd4 26. Nxd4 Bc6 27. Rf3 Ka8 28. Rh3 Rh7 29. Qd1 Rhh8 30. Qb3 Kb7 31. Qb4 Rc7 32. Qb3 Rcc8 33. Qc2 Rh7 34. Qf2 Rhh8 35. Qh4 Qd8 36. Qe1 Qb6 37. Qe2 Rh7 38. Rf1 Bd7 39. Qe1 Rhh8 40. Rg3 Rh7 41. Rgf3 Rhh8 42. Qe3 Rh7 43. h3 Qd8 44. Kh2 Qb6 45. Rd1 Bc6 46. Rd3 Bd7 47. Kg1 Bc6 48. Kf2 Bd7 49. Ke1 Bc6 50. Kd2 Bd7 51. Kc2 Bc6 52. Kb1 Bd7 53. Ka1 Bc6 54. Rd1 Bd7 55. Rff1 Bc6 56. Qf3 Ka7 57. g4 Bd7 58. f5 g5 59. Rh1 Rch8 60. h4 Qd8 61. f6 Qg8 62. Qe3 Kb7 63. Nb3 Ka8 64. Qb6 Bc8 65. hxg5 hxg5 66. Rxh7 Rxh7 67. Na5 Qe8 68. Nc6 1-0

[Event "ACT-ch"]
[Site "Tuggeranong"]
[Date "2013.02.15"]
[Round "1"]
[White "Gardiner Garden, Aelfric"]
[Black "Setiabudi, Allen"]
[Result "1/2-1/2"]
[WhiteElo "1311"]
[BlackElo "1946"]
[PlyCount "95"]
[EventDate "2013.02.15"]
[EventType "swiss"]
[EventRounds "9"]
[EventCountry "AUS"]
[SourceTitle "EXT 2015"]
[Source "ChessBase"]
[SourceDate "2014.11.20"]
[SourceVersion "1"]
[SourceVersionDate "2014.11.20"]
[SourceQuality "1"]

1. d4 d5 2. Bg5 Nf6 3. Bxf6 exf6 4. e3 Bd6 5. c4 dxc4 6. Bxc4 0-0 7. Ne2 b6 8. 0-0 Bb7 9. Nbc3 c5 10. dxc5 Bxc5 11. Bxf7+ Kxf7 12. Qb3+ Kg6 13. Nf4+ Kh6 14. Ne6 Qe8 15. Nxc5 Bxg2 16. Kxg2 bxc5 17. Nd5 Nd7 18. f3 Ne5 19. e4 Qh5 20. Qe3+ Qg5+ 21. Qxg5+ fxg5 22. Rac1 Rab8 23. b3 c4 24. Rc3 cxb3 25. axb3 Rbc8 26. Rxc8 Rxc8 27. Ra1 Rc2+ 28. Kg3 Rb2 29. Ra6+ g6 30. Ra3 a5 31. Ne3 Nd3 32. b4 Nf4 33. Rxa5 Re2 34. Ra3 Kg7 35. h4 h6 36. hxg5 hxg5 37. Kg4 Kh6 38. b5 Rh2 39. Kg3 Rb2 40. b6 Nh5+ 41. Kh3 Nf4+ 42. Kg4 Rxb6 43. Ra5 Rb1 44. Kg3 Rb2 45. Ra1 Re2 46. Ng4+ Kg7 47. Ra7+ Kf8 48. Ra8+ 1/2-1/2

[Event "Australian op"]
[Site "Cammeray"]
[Date "2013.01.13"]
[Round "11"]
[White "Setiabudi, Allen"]
[Black "Kethro, Michael"]
[Result "1-0"]
[WhiteElo "1949"]
[BlackElo "1785"]
[PlyCount "103"]
[EventDate "2013.01.02"]
[EventType "swiss"]
[EventRounds "11"]
[EventCountry "AUS"]
[SourceTitle "CBM 152 Extra"]
[Source "ChessBase"]
[SourceDate "2013.02.25"]
[SourceVersion "1"]
[SourceVersionDate "2013.02.25"]
[SourceQuality "1"]

1. e4 c5 2. Nf3 e6 3. d4 cxd4 4. Nxd4 a6 5. Nc3 b5 6. Be2 Bb7 7. 0-0 b4 8. Na4 Bxe4 9. Bf3 Bc6 10. Be3 d5 11. c4 bxc3 12. bxc3 Bxa4 13. Qxa4+ Qd7 14. Qb3 Bd6 15. c4 Ne7 16. cxd5 exd5 17. Bg5 0-0 18. Bxe7 Qxe7 19. Nf5 Qe5 20. Nxd6 Qxd6 21. Bxd5 Ra7 22. Rfd1 Qf6 23. Rac1 Nd7 24. Rc6 Qe7 25. Bc4 a5 26. Rcd6 Ne5 27. Bf1 Ng6 28. Qg3 Re8 29. R6d5 Qh4 30. Qxh4 Nxh4 31. g3 Ng6 32. Rd7 Rxd7 33. Rxd7 Kf8 34. Ra7 Re5 35. a4 Rc5 36. Bb5 Ne5 37. Rxa5 Nf3+ 38. Kg2 Nd4 39. Ra8+ Ke7 40. Bd3 g6 41. a5 Kf6 42. a6 Ra5 43. Rd8 Ne6 44. Rc8 Ra3 45. Bc4 h5 46. h4 Ke7 47. Rb8 Nd8 48. Rb2 Ne6 49. Ra2 Rxa2 50. Bxa2 Nc7 51. a7 f6 52. Bd5 1-0

[Event "Australian op"]
[Site "Cammeray"]
[Date "2013.01.12"]
[Round "10"]
[White "Shaw, Robin A"]
[Black "Setiabudi, Allen"]
[Result "0-1"]
[WhiteElo "1829"]
[BlackElo "1949"]
[PlyCount "58"]
[EventDate "2013.01.02"]
[EventType "swiss"]
[EventRounds "11"]
[EventCountry "AUS"]
[SourceTitle "CBM 152 Extra"]
[Source "ChessBase"]
[SourceDate "2013.02.25"]
[SourceVersion "1"]
[SourceVersionDate "2013.02.25"]
[SourceQuality "1"]

1. e4 d6 2. d4 Nf6 3. Bd3 e5 4. d5 g6 5. Ne2 Bg7 6. c4 0-0 7. Nbc3 Nh5 8. Ng3 Nf4 9. 0-0 h5 10. Nce2 h4 11. Nxf4 exf4 12. Nh1 g5 13. Be2 Nd7 14. Rb1 Ne5 15. b3 Qf6 16. f3 Qg6 17. h3 Bd7 18. Nf2 f5 19. Kh1 Rae8 20. Bb2 g4 21. hxg4 fxg4 22. fxg4 h3 23. Bxe5 Bxe5 24. gxh3 f3 25. Bxf3 Qh6 26. g5 Qh4 27. Qe2 Bxh3 28. Nxh3 Qxh3+ 29. Kg1 Bd4+ 0-1

[Event "Australian op"]
[Site "Cammeray"]
[Date "2013.01.02"]
[Round "1"]
[White "Setiabudi, Allen"]
[Black "London, Shane"]
[Result "1-0"]
[WhiteElo "1949"]
[BlackElo "1683"]
[PlyCount "37"]
[EventDate "2013.01.02"]
[EventType "swiss"]
[EventRounds "11"]
[EventCountry "AUS"]
[SourceTitle "CBM 152 Extra"]
[Source "ChessBase"]
[SourceDate "2013.02.25"]
[SourceVersion "1"]
[SourceVersionDate "2013.02.25"]
[SourceQuality "1"]

1. e4 e5 2. Nf3 Nc6 3. d4 exd4 4. c3 d3 5. Bxd3 Nf6 6. e5 Qe7 7. 0-0 Ng4 8. h3 Ngxe5 9. Nxe5 Nxe5 10. Re1 Qc5 11. Be3 Qd6 12. Bd4 f6 13. f4 Be7 14. fxe5 fxe5 15. Qh5+ Kf8 16. Rf1+ Bf6 17. Bxe5 Qc5+ 18. Kh1 Ke7 19. Bxf6+ 1-0

[Event "Doeberl Cup Premier 50th"]
[Site "Canberra"]
[Date "2012.04.06"]
[Round "4"]
[White "Setiabudi, Allen"]
[Black "Chen, Pengyu"]
[Result "0-1"]
[WhiteElo "1959"]
[BlackElo "2056"]
[PlyCount "56"]
[EventDate "2012.04.05"]
[EventType "swiss"]
[EventRounds "9"]
[EventCountry "AUS"]
[SourceTitle "EXT 2023"]
[Source "ChessBase"]
[SourceDate "2022.10.05"]
[SourceVersion "1"]
[SourceVersionDate "2022.10.05"]
[SourceQuality "1"]

1. e4 c5 2. Nf3 d6 3. d4 cxd4 4. Nxd4 Nf6 5. Nc3 Nc6 6. Bg5 e6 7. Be2 a6 8. 0-0 Be7 9. a4 0-0 10. Be3 Qc7 11. Kh1 Re8 12. f4 Nxd4 13. Qxd4 e5 14. fxe5 dxe5 15. Qb6 Qxb6 16. Bxb6 Be6 17. Bf3 Rac8 18. Rac1 Rc6 19. a5 Nd7 20. Bg1 Bb4 21. Ra1 Bxc3 22. bxc3 Rxc3 23. Rfb1 Rc7 24. Rb2 Bc4 25. Rab1 Bb5 26. c4 Bc6 27. h3 Nf6 28. Bh2 Rd7 0-1

[Event "AUS-ch Reserves"]
[Site "Geelong"]
[Date "2011.12.27"]
[Round "1"]
[White "Setiabudi, Allen"]
[Black "Simmonds, Leteisha Simone"]
[Result "1-0"]
[WhiteElo "1955"]
[BlackElo "1642"]
[PlyCount "101"]
[EventDate "2011.12.27"]
[EventType "swiss"]
[EventRounds "11"]
[EventCountry "AUS"]
[SourceTitle "EXT 2023"]
[Source "ChessBase"]
[SourceDate "2022.10.05"]
[SourceVersion "1"]
[SourceVersionDate "2022.10.05"]
[SourceQuality "1"]

1. e4 e6 2. d4 d5 3. e5 c5 4. c3 Nc6 5. Nf3 Qb6 6. a3 cxd4 7. cxd4 Nh6 8. Bd3 Bd7 9. Bc2 g6 10. Nc3 Nf5 11. Bxf5 gxf5 12. 0-0 Rc8 13. Ne2 Be7 14. Nf4 Na5 15. b4 Nc4 16. Nh5 Rg8 17. h4 Qa6 18. Bg5 Nb6 19. Bxe7 Kxe7 20. Nf6 Rg7 21. Qd2 Bb5 22. Rfe1 Nd7 23. Qh6 Rg6 24. Qxh7 Nxf6 25. exf6+ Rxf6 26. Ne5 f4 27. Ng4 Rg6 28. Nh6 Be8 29. Qh8 Qd3 30. Ng8+ Kd7 31. Nf6+ Ke7 32. Nxd5+ Kd7 33. Nxf4 Qf5 34. Nxg6 fxg6 35. d5 Bf7 36. Qd4 exd5 37. Qxa7 Rc7 38. Rac1 Qf4 39. Qe3 Rxc1 40. Rxc1 Qxe3 41. fxe3 Kd6 42. a4 Be6 43. Kf2 Bf5 44. a5 Bd3 45. g4 Bc4 46. h5 Ke7 47. h6 Kf7 48. Rxc4 dxc4 49. g5 c3 50. Ke2 c2 51. Kd2 1-0

[Event "AUS-ch Major"]
[Site "Cammeray"]
[Date "2011.01.07"]
[Round "6"]
[White "Brown, Andrew"]
[Black "Setiabudi, Allen"]
[Result "1-0"]
[WhiteElo "2175"]
[BlackElo "1906"]
[PlyCount "133"]
[EventDate "2011.01.02"]
[EventType "swiss"]
[EventRounds "11"]
[EventCountry "AUS"]
[SourceTitle "CBM 140 Extra"]
[Source "ChessBase"]
[SourceDate "2011.03.01"]
[SourceVersion "1"]
[SourceVersionDate "2011.03.01"]
[SourceQuality "1"]

1. d4 Nf6 2. c4 e5 3. dxe5 Ng4 4. Bf4 Nc6 5. Nf3 Bb4+ 6. Nbd2 Qe7 7. e3 Ngxe5 8. Nxe5 Nxe5 9. Be2 0-0 10. 0-0 Ng6 11. Bg3 Bd6 12. Bxd6 Qxd6 13. Qc2 Qe7 14. c5 d6 15. cxd6 Qxd6 16. Ne4 Qe7 17. Rac1 c6 18. Ng3 Be6 19. b3 Rfd8 20. f4 Bd7 21. e4 f6 22. Bc4+ Kh8 23. Qf2 Be8 24. e5 fxe5 25. fxe5 Bd7 26. e6 Bxe6 27. Rfe1 Nf8 28. Rxe6 Nxe6 29. Re1 Qb4 30. Bxe6 Rd2 31. a3 Qc3 32. Ne4 Rxf2 33. Nxc3 Rc2 34. Ne4 Re8 35. Nd6 Re7 36. Nxb7 g6 37. Na5 Kg7 38. Kf1 Re8 39. Bd7 Rf8+ 40. Kg1 c5 41. h3 h5 42. Bc6 Kh6 43. Bf3 Rd8 44. Nc6 Rdd2 45. h4 Rc3 46. Na5 Ra2 47. a4 c4 48. Nxc4 Rxb3 49. a5 Rc3 50. Bd5 Ra4 51. Re4 Rd3 52. Bf7 Ra2 53. Re6 Rg3 54. Ne3 Kg7 55. Rxg6+ Rxg6 56. Bxa2 Rc6 57. Bd5 Rc3 58. Kf2 a6 59. Bc4 Ra3 60. Bxa6 Rxa5 61. Be2 Kg6 62. Kf3 Ra3 63. g3 Kf6 64. Kf2 Ra5 65. Ng2 Kg6 66. Nf4+ Kh6 67. Nxh5 1-0

[Event "AUS-ch Major"]
[Site "Cammeray"]
[Date "2011.01.06"]
[Round "5"]
[White "Christensen, Joshua"]
[Black "Setiabudi, Allen"]
[Result "0-1"]
[WhiteElo "1841"]
[BlackElo "1906"]
[PlyCount "60"]
[EventDate "2011.01.02"]
[EventType "swiss"]
[EventRounds "11"]
[EventCountry "AUS"]
[SourceTitle "CBM 140 Extra"]
[Source "ChessBase"]
[SourceDate "2011.03.01"]
[SourceVersion "1"]
[SourceVersionDate "2011.03.01"]
[SourceQuality "1"]

1. d4 Nf6 2. c4 c5 3. Nf3 cxd4 4. Nxd4 e5 5. Nb5 d5 6. cxd5 Bc5 7. e3 0-0 8. Be2 a6 9. N5c3 e4 10. 0-0 Re8 11. Nd2 Bf5 12. Nb3 Ba7 13. Nd4 Bg6 14. b4 Nxd5 15. Nxd5 Qxd5 16. Bb2 Nc6 17. Nxc6 Qxc6 18. Qb3 Bf5 19. Rac1 Qh6 20. Rfd1 Rad8 21. Bc4 Qh5 22. Bd5 Bb8 23. g3 Bg4 24. Rd4 Be5 25. Rc5 Bxd4 26. Bxd4 b6 27. Bxf7+ Qxf7 28. Qxf7+ Kxf7 29. Rg5 Bf3 30. Rxg7+ Kf8 0-1

[Event "Doeberl Cup Major 48th"]
[Site "Canberra"]
[Date "2010.04.02"]
[Round "2"]
[White "Setiabudi, Allen"]
[Black "Savige, Colin"]
[Result "1-0"]
[WhiteElo "1727"]
[BlackElo "1931"]
[PlyCount "53"]
[EventDate "2010.04.02"]
[EventType "swiss"]
[EventRounds "7"]
[EventCountry "AUS"]
[SourceTitle "EXT 2012"]
[Source "ChessBase"]
[SourceDate "2011.11.24"]
[SourceVersion "1"]
[SourceVersionDate "2011.11.24"]
[SourceQuality "1"]

1. e4 e6 2. d4 d5 3. e5 c5 4. c3 Nc6 5. Nf3 Qb6 6. Bd3 Bd7 7. 0-0 cxd4 8. cxd4 Nb4 9. Nc3 Nxd3 10. Qxd3 Ne7 11. Be3 h5 12. b4 Nf5 13. b5 Bb4 14. a4 0-0 15. Ne2 Rfc8 16. h3 a6 17. g4 hxg4 18. hxg4 Ne7 19. Ng5 g6 20. Bc1 Kf8 21. Qf3 Ke8 22. Rb1 Qa5 23. Nxf7 Ng8 24. Rxb4 Qxb4 25. Nd6+ Kd8 26. Qf8+ Kc7 27. Ne8+ 1-0

[Event "AUS-ch U18"]
[Site "Sandy Bay"]
[Date "2010.01.15"]
[Round "2"]
[White "Smith, Charlie"]
[Black "Setiabudi, Allen"]
[Result "0-1"]
[WhiteElo "1308"]
[BlackElo "1776"]
[PlyCount "44"]
[EventDate "2010.01.14"]
[EventType "swiss"]
[EventRounds "11"]
[EventCountry "AUS"]
[SourceTitle "EXT 2011"]
[Source "ChessBase"]
[SourceDate "2010.11.26"]
[SourceVersion "1"]
[SourceVersionDate "2010.11.26"]
[SourceQuality "1"]

1. c4 Nf6 2. Nc3 g6 3. e4 d6 4. d4 Bg7 5. g3 0-0 6. Bg2 e5 7. d5 a5 8. Nge2 Na6 9. 0-0 Nh5 10. Be3 f5 11. f4 exf4 12. Nxf4 Nxf4 13. Bxf4 Nc5 14. Qd2 fxe4 15. Nxe4 Nxe4 16. Bxe4 Qf6 17. Rf2 Qd4 18. Qc2 Bh3 19. Rd1 Qc5 20. Kh1 Rae8 21. b3 Rxe4 22. Qxe4 Qxf2 0-1

[Event "AUS-ch U18"]
[Site "Sandy Bay"]
[Date "2010.01.14"]
[Round "1"]
[White "Setiabudi, Allen"]
[Black "Short, Owen"]
[Result "1-0"]
[WhiteElo "1776"]
[BlackElo "1290"]
[PlyCount "51"]
[EventDate "2010.01.14"]
[EventType "swiss"]
[EventRounds "11"]
[EventCountry "AUS"]
[SourceTitle "EXT 2011"]
[Source "ChessBase"]
[SourceDate "2010.11.26"]
[SourceVersion "1"]
[SourceVersionDate "2010.11.26"]
[SourceQuality "1"]

1. e4 c5 2. Nc3 e6 3. f4 d5 4. Bb5+ Nc6 5. Bxc6+ bxc6 6. d3 Rb8 7. Nf3 Bd6 8. 0-0 Ba6 9. e5 Bc7 10. f5 Qd7 11. fxe6 fxe6 12. Ng5 Bxe5 13. Nf7 Qxf7 14. Rxf7 Kxf7 15. Qh5+ Ke7 16. Qxe5 Nf6 17. Qc7+ Nd7 18. Bg5+ Ke8 19. Re1 Rf8 20. Qxc6 Rb6 21. Rxe6+ Kf7 22. Qxd7+ Kg8 23. Re8 Rxb2 24. Rxf8+ Kxf8 25. Qe7+ Kg8 26. Qe8# 1-0

[Event "Australian Young Masters"]
[Site "Rockdale"]
[Date "2009.10.10"]
[Round "8"]
[White "Setiabudi, Allen"]
[Black "Smirnov, Anton"]
[Result "0-1"]
[WhiteElo "1882"]
[BlackElo "1817"]
[PlyCount "78"]
[EventDate "2009.10.06"]
[EventType "tourn"]
[EventRounds "9"]
[EventCountry "AUS"]
[SourceTitle "EXT 2023"]
[Source "ChessBase"]
[SourceDate "2022.10.05"]
[SourceVersion "1"]
[SourceVersionDate "2022.10.05"]
[SourceQuality "1"]

1. e4 Nc6 2. d4 d5 3. Nc3 e6 4. e5 Nge7 5. Nce2 Nf5 6. c3 Be7 7. Nf3 0-0 8. Ng3 Nxg3 9. hxg3 f6 10. exf6 Bxf6 11. Bd3 g6 12. Bf4 Re8 13. Qc2 Kg7 14. 0-0-0 e5 15. dxe5 Nxe5 16. Nxe5 Bxe5 17. Bh6+ Kf7 18. f4 Bf6 19. f5 Bg5+ 20. Kb1 Bxh6 21. fxg6+ Kg7 22. Rxh6 Kxh6 23. Rh1+ Kg7 24. Qd2 h5 25. Rxh5 Rh8 26. Qf4 Rxh5 27. Qf7+ Kh6 28. Qf4+ Rg5 29. Qh4+ Kg7 30. Qh7+ Kf6 31. Qf7+ Ke5 32. Qf4+ Ke6 33. g4 Re5 34. g7 Bd7 35. Qh6+ Qf6 36. Qh7 Re1+ 37. Kc2 Ba4+ 38. Kd2 Qf2+ 39. Be2 Rd1# 0-1